Central Library OPAC University of Rajshahi

Scope of total architecture / (Record no. 18855)

MARC details
000 -LEADER
fixed length control field 00746cam a22002531 4500
001 - CONTROL NUMBER
control field 18855
003 - CONTROL NUMBER IDENTIFIER
rucl marc code BD-RjUL
005 - DATE AND TIME OF LATEST TRANSACTION
control field 20211209000338.0
008 - FIXED-LENGTH DATA ELEMENTS--GENERAL INFORMATION
fixed length control field 140222s1955 nyua 000 0 eng d
035 ## - SYSTEM CONTROL NUMBER
System control number (BD-RjUL) 18913
System control number (OCoLC)512167
040 ## - CATALOGING SOURCE
Original cataloging agency DLC
Transcribing agency ODaWU
Modifying agency ViBlbV
-- OkAlC
-- DLC
-- BD-RjUL
Language of cataloging eng
041 ## - LANGUAGE CODE
Language code of text/sound track or separate title eng
082 00 - DEWEY DECIMAL CLASSIFICATION NUMBER
Edition number 21
Classification number 720.947
Author mark and year GRS 1955
100 1# - MAIN ENTRY--PERSONAL NAME
Personal name Gropius, Walter,
Dates associated with a name 1883-1969.
9 (RLIN) 58142
245 10 - TITLE STATEMENT
Title Scope of total architecture /
Statement of responsibility, etc. Walter, Gropius
260 ## - PUBLICATION, DISTRIBUTION, ETC. (IMPRINT)
Place of publication, distribution, etc. New York :
Name of publisher, distributor, etc. Harper,
Date of publication, distribution, etc. 1955
300 ## - PHYSICAL DESCRIPTION
Pagination xxii, 185 p. :
Illustrations illus. ;
Size 20 cm.
490 0# - SERIES STATEMENT
Series statement World perspectives,
Volume/sequential designation v. 3
650 #0 - SUBJECT ADDED ENTRY--TOPICAL TERM
Topical term or geographic name as entry element Architecture, Modern
Chronological subdivision 20th century.
9 (RLIN) 50847
942 ## - ADDED ENTRY ELEMENTS (KOHA)
Source of classification or shelving scheme Dewey Decimal Classification
Koha item type Books
Holdings
Lost status Source of classification or shelving scheme Damaged status Not for loan Collection code Permanent Location Current Location Shelving location Date acquired Source of acquisition Total Checkouts Full call number Date last seen Copy number Koha item type
  Dewey Decimal Classification   Not For Loan Non-fiction Central Library, University of Rajshahi Central Library, University of Rajshahi Reading Room 01/03/1958 U.S.I.S Gift   720.947 GRS 1955 22/02/2014 C-1 Books